| 000 | 00457cas a22001815a 4500 | ||
|---|---|---|---|
| 001 | L139852 | ||
| 008 | 070815c1950 fr qr p 0 a0eng u | ||
| 035 | _a(Sirsi) u139852 | ||
| 041 | 0 | _aeng | |
| 100 | 1 | _aInternational Real Estate Federation | |
| 245 | 0 | 0 | _aFIABCI Reporter |
| 260 |
_aParis _bFIABCI _c1950- |
||
| 362 | 0 | _a21(3) August 1970-26(3) July 1975 | |
| 554 | _aFour per year | ||
| 651 | 4 | _aInternational | |
| 690 | _aPROPERTY | ||
| 942 | _n0 | ||
| 999 |
_c119138 _d119138 |
||